Presentations

Detalles Bibliográficos
Título anterior:Presentation products
Formato: Electrónico Revista
Lenguaje:inglés
Publicado: Minneapolis, MN : Lakewood Publications, [1993]-
Materias:
Acceso en línea:Full text available from Research Library: 11/01/1997 to 12/31/2005

MARC

LEADER 00000nas a2200000 a 4500
001 ssj0012443
003 WaSeSS
005 20200512172242.0
006 m d
007 cr n
008 931007c19939999mnumr p s 0 a0eng c
010 |a sn 93003112  
016 7 |a 007869993  |2 Uk 
022 |l 1072-7531  |y 1072-7531 
032 |a 003153  |b USPS 
035 |a (WaSeSS)ssj0012443 
037 |b Presentations Magazine, PO Box 1142, Skokie, IL 60076 
040 |a KMM  |b eng  |c KMM  |d NSD  |d IXA  |d IUL  |d OCLCQ  |d UKMGB  |d OCLCQ  |d OCLCO  |d LIP  |d XFH  |d OCLCF  |d OCLCQ  |d RDF  |d AU@  |d WaSeSS 
042 |a nsdp  |a pcc 
050 1 4 |a HF5718.22  |b .P747 
082 1 0 |a 658  |2 12 
130 0 |a Presentations (Minneapolis, Minn.) 
210 0 |a Presentations  |b (Minneap. Minn.) 
222 0 |a Presentations  |b (Minneapolis, Minn.) 
245 1 0 |a Presentations  |h [electronic resource]. 
246 1 8 |a Presentations magazine 
260 |a Minneapolis, MN :  |b Lakewood Publications,  |c [1993]- 
310 |a Monthly 
362 0 |a Sept. 1993- 
500 |a Title from cover. 
506 |a License restrictions may limit access. 
515 |a Issues for Sept.-Nov. 1993 lack vol. numbering but constitute v. 7, no. 9-v.7, no. 11. 
588 |a Latest issue consulted: Vol. 7, no. 12 (Dec. 1993). 
650 0 |a Business presentations  |x Technique  |v Periodicals. 
650 0 |a Business communication  |v Periodicals. 
650 7 |a Business communication.  |2 fast  |0 (OCoLC)fst00842419 
655 0 |a Electronic journals. 
780 0 0 |t Presentation products  |x 1070-6089  |w (DLC)sn 93007592  |w (OCoLC)28438622 
850 |a InU  |a TxU 
856 4 0 |z Full text available from Research Library: 11/01/1997 to 12/31/2005  |u https://search.proquest.com/publication/31159